| 000 | 00358nam a22001337a 4500 | ||
|---|---|---|---|
| 020 | _a000002 | ||
| 041 | _aENG | ||
| 100 | _aRnam | ||
| 245 | _aTest Code and Procedure For Seeding Equipments With or Without Fertilizing Attachment Part 4 | ||
| 260 |
_aPhilippines _bRegional Network For Agr _c1985 |
||
| 300 | _a92 | ||
| 650 | _aTest Code | ||
| 856 | _uTest Code | ||
| 999 |
_c399 _d399 |
||